LEADER 01541nam 2200505 450 001 9910481021803321 005 20170919032844.0 010 $a1-78238-818-4 035 $a(CKB)3710000000493949 035 $a(EBL)4014249 035 $a(SSID)ssj0001570670 035 $a(PQKBManifestationID)16219412 035 $a(PQKBTitleCode)TC0001570670 035 $a(PQKBWorkID)12754757 035 $a(PQKB)10072555 035 $a(MiAaPQ)EBC4014249 035 $a(EXLCZ)993710000000493949 100 $a20150424d2015 uy| 0 101 0 $aeng 135 $aur|n|---||||| 181 $ctxt 182 $cc 183 $acr 200 14$aThe living ancestors $eshamanism, cosmos and culture change among the Yanomami of the upper Orinoco /$fby Zeljko Jokic 210 1$aNew York ;$aOxford :$cBerghahn Books,$d2015. 215 $a1 online resource (296 p.) 300 $aDescription based upon print version of record. 311 $a1-78238-817-6 320 $aIncludes bibliographical references and index. 606 $aYanomamo Indians$xReligion 606 $aYanomamo mythology 606 $aShamanism$z87 (Venezuela and Colombia) 608 $aElectronic books. 615 0$aYanomamo Indians$xReligion. 615 0$aYanomamo mythology. 615 0$aShamanism 676 $a305.898/92087 700 $aJokic$b Zeljko$0991377 801 0$bMiAaPQ 801 1$bMiAaPQ 801 2$bMiAaPQ 906 $aBOOK 912 $a9910481021803321 996 $aThe living ancestors$92268673 997 $aUNINA LEADER 03039nam 2200757Ia 450 001 9910777323003321 005 20230721031249.0 010 $a1-281-36322-7 010 $a9786611363222 010 $a0-230-60562-1 024 7 $a10.1057/9780230605626 035 $a(CKB)1000000000413597 035 $a(EBL)361625 035 $a(OCoLC)647663612 035 $a(SSID)ssj0000242579 035 $a(PQKBManifestationID)11175654 035 $a(PQKBTitleCode)TC0000242579 035 $a(PQKBWorkID)10310806 035 $a(PQKB)10620529 035 $a(SSID)ssj0001660727 035 $a(PQKBManifestationID)16441414 035 $a(PQKBTitleCode)TC0001660727 035 $a(PQKBWorkID)14987453 035 $a(PQKB)11732334 035 $a(DE-He213)978-0-230-60562-6 035 $a(MiAaPQ)EBC361625 035 $a(Au-PeEL)EBL361625 035 $a(CaPaEBR)ebr10194101 035 $a(CaONFJC)MIL136322 035 $a(EXLCZ)991000000000413597 100 $a20070104d2007 uy 0 101 0 $aeng 135 $aur|n|---||||| 181 $ctxt 182 $cc 183 $acr 200 00$aScripture, reason, and the contemporary Islam-west encounter$b[electronic resource] $estudying the "other", understanding the "self" /$fedited by, Basit Bilal Koshul and Steven Kepnes 205 $a1st ed. 210 $aNew York $cPalgrave Macmillan$d2007 215 $a1 online resource (249 p.) 300 $aDescription based upon print version of record. 311 $a1-349-53603-2 311 $a1-4039-7535-3 320 $aIncludes bibliographical references and indexes. 327 $aCover; Contents; Contributors; Preface; 1 Introduction: Studying the Western ""Other,"" Understanding the Islamic ""Self""; Part I: Islam and the West; Part II: The West and Islam; Part III: Reflections on Scripture, Reason, and the Contemporary Islam-West Encounter; Name Index; Subject Index 330 $aThe unique essays in this collection use the underlying allegiance to scripture in Islam, Judaism, and Christianity to underscore the deep affinities between the three monotheistic traditions while at the same time encouraging respect for the differences between the traditions to be preserved. 606 $aIslam$y21st century 606 $aIslam$xEssence, genius, nature 606 $aIslam$xRelations$xChristianity 606 $aChristianity and other religions$xIslam 607 $aIslamic countries$xRelations$zEurope 607 $aEurope$xRelations$zIslamic countries 615 0$aIslam 615 0$aIslam$xEssence, genius, nature. 615 0$aIslam$xRelations$xChristianity. 615 0$aChristianity and other religions$xIslam. 676 $a297.2/8 701 $aKoshul$b Basit Bilal$f1968-$01527450 701 $aKepnes$b Steven$f1952-$01573959 801 0$bMiAaPQ 801 1$bMiAaPQ 801 2$bMiAaPQ 906 $aBOOK 912 $a9910777323003321 996 $aScripture, reason, and the contemporary Islam-west encounter$93849909 997 $aUNINA